000 00868nam a2200253Ia 4500
003 OSt
005 20220923211006.0
006 a|||||r|||| 00| 0
007 ta
008 220922b |||||||| |||| 00| 0 hin d
020 _a8170166993 (hbk)
_c280
024 _a234,737
037 _b456, 24/03/2008, Swaraj Prakashan
_cTextual
040 _aARTS
_cARTS
_bhin
041 _2hin
_ahin
082 _azl,P06, 152P6 (RR)
100 _aशर्मा, शिव कुमार
_9156918
245 0 _aसामान्य ज्ञान कोश
246 _aSāmānya jnyān kosha
260 _aनई दिल्ली
_b किताबघर
_c2006
300 _a303पृ.
_ccm.
942 _hzl,P06, 152P6 (RR)
_cTEXL
_2CC
999 _c293620
_d293620